000 00762nam a2200265Ia 4500
003 OSt
005 20221005025220.0
006 a|||||r|||| 00| 0
007 ta
008 221004b |||||||| |||| 00| 0 ben d
020 _cIndian Rupees 120
024 _a39157
037 _bGift, 07/09/2018,
_cTextual
040 _aCRL
_cCRL
_bben
041 _2ben
_aben
082 _aO157,3N113x, L6
100 _aGupta Niharranjan Au.
_9581590
245 0 _aKiriti omnibus
260 _aCalcutta
_bMitra and Ghosh Publishers India
_c1976
300 _a320p.
_ccm.
650 _a BENGALI LITERATURE
650 _aBENGALI FICTION
942 _hO157,3N113x, L6
_cTEXL
_2cc
999 _c934374
_d934374